| 000 | 005810000a22001690004500 | ||
|---|---|---|---|
| 001 | 43 | ||
| 020 | _a87-7700-149-9 | ||
| 041 | 0 | _aSPA | |
| 082 | 0 | 4 | _aR 109 A2837h8 |
| 245 | 1 | 0 | _aHistoria del pensamiento / Coordinado por Concha Aguilera |
| 250 | _a8 | ||
| 260 | _aMadrid, España : Sarpe | ||
| 300 | _a398 Pag. | ||
| 505 | 0 | 0 | _aVol. 1 Filosofía antigua: Comienzos de la patrística. Vol. 2 La escolástica. Vol. 3 Filosofía moderna. Vol. 4 La ilustración. Vol. 5 Filosofía del romanticismo. Vol. 6. Filosofía contemporánea. |
| 650 | 1 | 4 | _aFILOSOFIA - HISTORIA |
| 942 | _cBK | ||
| 999 |
_c31599 _d31599 |
||